| 000 | 03421nam a2200397 i 4500 | ||
|---|---|---|---|
| 001 | 193598 | ||
| 003 | SpMaBN | ||
| 005 | 20250708202253.0 | ||
| 007 | ta | ||
| 008 | 220926s2022 sp a | |||| 000 0 spa | ||
| 017 |
_aM 22068-2022 _bOficina Depósito Legal Madrid |
||
| 020 | _a9788413378558 | ||
| 040 |
_aSpMaBN _bspa _cSpMaBN _erda |
||
| 080 | _a930.85(100)"17" | ||
| 245 | 0 | 0 |
_aIdea de la Ilustración : _bestudios sobre la Escuela Universalista / _cPedro Aullón de Haro (ed.) |
| 264 | 4 |
_c[2022] _aLa Poveda (Arganda del Rey) : _bVerbum, |
|
| 300 |
_a755 páginas : _bilustraciones (blanco y negro) _c21 cm |
||
| 336 |
_aTexto _2rdacontent |
||
| 337 |
_asin mediación _2rdamedia |
||
| 338 |
_avolumen _2rdacarrier |
||
| 490 | 1 | _aVerbum mayor. Teoría/crítica | |
| 500 | _aÍndice | ||
| 504 | _aReferencias bibliográficas | ||
| 504 | _aBibliografía de la Escuela Universalista Española: páginas 643-755 | ||
| 520 | _aNo es en modo alguno ocioso debatir acerca de la Ilustración, sobre todo si se observa que los contenidos rutinariamente aceptados que le dan forma son incompletos o no son justamente consistentes. La deficiencia del ideario ilustrado es asumible en tanto que la razón es siempre limitada en su confrontación con la realidad, pero no es asumible cuando es resultado del ideologismo y este, por principio, se encuentra incapacitado para comprender la historia o la realidad. Si el a priori cultural requiere por principio de la no consciencia de sí mismo, sucede que en la época contemporánea, justo aquella suscitada por la Ilustración, la configuración del a priori cultural con suma facilidad se mantiene inconsciente de sí mismo en virtud de los poderes de proyección rápida y masiva y capaces de provocar, en consecuencia, un alto grado de producción ideologizada, es decir un proceso intenso ajeno a la ética. La Ilustración universalista requiere consideración no ya por el simple hecho de que no es aceptable la omisión de una parte de la realidad sino por cuanto presenta una ética arraigada, no fundada en fisuras inasumibles, y por cuanto ofrece un modo de actitud a partir de ese arraigo respecto del mundo moral y de las comunidades científicas y el proceso de globalización que las envuelve. El hecho es que el asunto de la Ilustración, al igual que el de la Comparatística, no se encuentra ni mucho menos resuelto, como con demasiada frecuencia se ha querido sugerir e incluso imponer. Quizás el principal problema ha consistido en el divulgado y grave error de haber sido considerada usualmente la Ilustración europea como un fenómeno homogéneo y en progresión unilineal. Mediante Idea de la Ilustración: Estudios sobre la Escuela Universalista se presenta la fenomenografía de uno de los momentos mayores del humanismo universal y la cultura hispánica. | ||
| 650 | 0 |
_aEscuela universalista española _9234906 |
|
| 700 | 1 |
_aAullón de Haro, Pedro _epbl _923910 |
|
| 830 |
_9233248 _aVerbum mayor. Teoría/crítica |
||
| 852 |
_aES-MaACL _bR. 154479 _cDEPOJ _jN-9604 _hDonación: Editorial _9201060 _xEncuadernación rústica |
||
| 942 |
_n0 _cMONOGRAFIA |
||
| 999 |
_c193598 _d193598 |
||